00517nam a22001577a 4500041000900000082001800009100001700027245002500044260003000069300000800099650002100107942000700128952010500135952010200240999001700342 aUrdu a297.409 bKHA aKhan, Jabbar aMahboobul Tawaareeqh aHyderabadbStudents House a632 aBiography- Sufis cBK 00104070aHMIbHMIcGENd2018-06-04g300.00l0o297.409 KHA V1p23830r2018-06-04w2018-06-04yBK 00104070aHMIbHMIcGENd2018-06-04g300.00l0o297.409 KHAp23831r2018-06-04w2018-06-04yBK c21094d21094